000 00599nam a2200205Ia 4500
003 IN-BaIIA
008 211028s9999 xx 000 0 eng d
040 _cIIA Library
080 _a621.385
_bREI
100 _aReich, Herbert J
_92168
245 0 _aTheory and applications of electrons tubes
_cHerbert J Reich
250 _a2nd ed.
260 _aNew York
_bMcGraw-Hill
_c1944
300 _axix, 716p.
650 _aCrossed Field Amplifiers
_92169
650 _aElectron Tubes
_92170
650 _aElectronics
_91576
650 _aNASA Thesaurus
942 _cBK
999 _c1006
_d1006